| 000 | 01846cam a22004454i 4500 | ||
|---|---|---|---|
| 003 | PE-LiUPU | ||
| 005 | 20250731172827.0 | ||
| 008 | 150617s1977 sp r 000 0 spa d | ||
| 035 | _a(Sirsi) a15146 | ||
| 040 |
_aPE-LiUPU _bspa _cPE-LiUPU _erda |
||
| 049 | _aPRUA | ||
| 082 | 0 | 4 |
_a289.309 _bH65 _221 |
| 100 | 1 |
_aHoekema, Antonio A., _eautor. |
|
| 245 | 1 | 0 |
_aMormonismo / _cAntonio A. Hoekema. |
| 264 | 1 |
_aMichigan : _bSubcomisión Literatura Cristiana, _c1977. |
|
| 300 |
_a93 páginas ; _c21 centímetros |
||
| 336 |
_atext _2rdacontent |
||
| 337 |
_aunmediated _2rdamedia |
||
| 338 |
_avolume _2rdacarrier |
||
| 505 | 0 | _aHistoria: José Smith -- Brigham Young -- Fuentes de autoridad: el libro del Mormón -- Otros libros sagrados -- Doctrinas: doctrina de Dios -- Las obras de Dios -- La doctrina del hombre -- La doctrina de Cristo -- La obra de Cristo -- La doctrina de salvación -- La doctrina de la iglesia y de los sacramentos -- Doctrinas de las últimas cosas -- El milenio -- El estado final -- El libro de Mormón: Los idiomas del libro de Mormón -- La trasmisión del libro de Mormón. | |
| 526 | _aSEG42 | ||
| 526 | _aSEG41 | ||
| 526 | _aSEG40 | ||
| 526 | _aSEG39 | ||
| 526 | _aP94 | ||
| 526 | _aP87 | ||
| 526 | _aP86 | ||
| 526 | _aP85 | ||
| 526 | _aP77 | ||
| 526 | _aP76 | ||
| 526 | _aP35 | ||
| 650 | 0 | 4 | _aMormonismo. |
| 910 |
_ajck _bjvq _cjck _d20150616 |
||
| 942 |
_2ddc _cBOOK |
||
| 949 |
_a289.309 H65 _wDEWEY _c1 _i21036 _lCCODEBUL1 _mBUL _p _r0 _sY _tBOOK _u19821020 _xTEOLOGIA _PP35 _0COMPRA _o.STAFF. Colección Teología |
||
| 994 |
_aC0 _bPEPRU |
||
| 596 | _a1 | ||
| 999 |
_a289.309 H65 _wDEWEY _c5702 _i21036 _d5702 _e2016-10-30 _f2021-11-12 _g5 _lCCODEBUL1 _mBUL _n4 _p33.00 _r0 _sY _tBOOK _u2015-6-17 _xTEOLOGIA _PP35 _0COMPRA _o.STAFF. Colección Teología |
||
| 980 |
_81 _gALBERTO SANCHEZ Responsable de Automatización |
||